[Event "GER-chT Lands U20"]
[Site "Neumuenster"]
[Date "2021.10.02"]
[Round "2.7"]
[White "Blaufuss, Lena"]
[Black "Stasaitis, Paulina"]
[Result "0-1"]
[WhiteElo "1182"]
[BlackElo "1280"]
[PlyCount "100"]
[EventDate "2021.10.01"]
[EventType "team-swiss"]
[EventRounds "7"]
[EventCountry "GER"]
[SourceTitle "CBM 204 Extra"]
[Source "ChessBase"]
[SourceDate "2021.11.30"]
[SourceVersion "1"]
[SourceVersionDate "2021.11.30"]
[SourceQuality "1"]
[WhiteTeam "Thueringen"]
[BlackTeam "Wuerttemberg"]
[WhiteTeamCountry "GER"]
[BlackTeamCountry "GER"]

1. e4 e5 2. Nf3 Nf6 3. Nc3 Nc6 4. Bc4 Nxe4 5. Nxe4 d5 6. Bd3 dxe4 7. Bxe4 Bd6 8. d3 Bg4 9. h3 Bh5 10. Be3 Qe7 11. 0-0 Bc5 12. Qd2 Bxe3 13. Qxe3 0-0 14. Bxc6 bxc6 15. Qxe5 Qxe5 16. Nxe5 Rfb8 17. b3 Rb6 18. Rfe1 f6 19. Nc4 Rb5 20. Re7 Rc8 21. Rae1 Kf8 22. R7e6 Re8 23. Kf1 Rxe6 24. Rxe6 Bd1 25. Ne3 Bh5 26. Rxc6 Rb7 27. Rc5 Bf7 28. Nf5 g6 29. Nd4 Ke7 30. Ra5 Kd7 31. Ke1 Kd6 32. Kd2 c5 33. Nf3 Bd5 34. Kc3 Bxf3 35. gxf3 Ke5 36. Rxc5+ Kf4 37. Rc6 f5 38. Kd2 Kxf3 39. Ke1 Re7+ 40. Kf1 Re2 41. b4 Rd2 42. Re6 Rxf2+ 43. Ke1 Rxc2 44. Kf1 Rh2 45. Kg1 Rxa2 46. Re1 Rg2+ 47. Kf1 Rd2 48. Kg1 Rxd3 49. Rf1+ Kg3 50. Rf2 Rd1+ 0-1